Исследование влияния скорости нагружения на кинетику деформационных процессов поликристаллического никеля; Перспективные материалы конструкционного и функционального назначения

Bibliographic Details
Parent link:Перспективные материалы конструкционного и функционального назначения.— 2022.— [С. 77-79]
Main Author: Просолов А. А.
Corporate Author: Национальный исследовательский Томский политехнический университет
Summary:Заглавие с экрана
Language:Russian
Published: 2022
Series:Проблемы надежности конструкционных материалов
Subjects:
Online Access:http://earchive.tpu.ru/handle/11683/74134
Format: Electronic Book Chapter
KOHA link:https://koha.lib.tpu.ru/cgi-bin/koha/opac-detail.pl?biblionumber=635176

MARC

LEADER 00000naa2a2200000 4500
001 635176
005 20231102024757.0
035 |a (RuTPU)RU\TPU\conf\37022 
035 |a RU\TPU\conf\37021 
090 |a 635176 
100 |a 20221129d2022 k y0rusy50 ca 
101 0 |a rus 
102 |a RU 
105 |a y z 101zy 
135 |a drcn ---uucaa 
181 0 |a i  
182 0 |a b 
200 1 |a Исследование влияния скорости нагружения на кинетику деформационных процессов поликристаллического никеля  |f А. А. Просолов 
203 |a Текст  |c электронный 
225 1 |a Проблемы надежности конструкционных материалов 
230 |a 1 компьютерный файл (pdf; 427 Kb) 
300 |a Заглавие с экрана 
320 |a [Библиогр.: с. 79 (1 назв.)] 
463 0 |0 (RuTPU)RU\TPU\conf\36996  |t Перспективные материалы конструкционного и функционального назначения  |o сборник научных трудов Международной научно-технической молодежной конференции, Томск, 17–21 октября 2022 г.  |f Национальный исследовательский Томский политехнический университет ; ред. кол. С. П. Буякова, Б. С. Зенин, И. Э. Васильева, Е. А. Даренская  |v [С. 77-79]  |d 2022 
610 1 |a электронный ресурс 
610 1 |a труды учёных ТПУ 
610 1 |a скорость нагружения 
610 1 |a кинетика 
610 1 |a деформационные процессы 
610 1 |a поликристаллический никель 
610 1 |a пластическая деформация 
610 1 |a текучесть 
700 1 |a Просолов  |b А. А. 
712 0 2 |a Национальный исследовательский Томский политехнический университет  |c (2009- )  |2 stltpush  |3 (RuTPU)RU\TPU\col\15902  |9 26305 
801 2 |a RU  |b 63413507  |c 20221213  |g RCR 
856 4 |u http://earchive.tpu.ru/handle/11683/74134 
942 |c BK